Objetos Creativos con Materiales de Desecho (Record no. 30)
[ view plain ]
| 000 -LEADER | |
|---|---|
| campo de control de longitud fija | 01009nam a22001937a 4500 |
| 003 - IDENTIFICADOR DE NÚMERO DE CONTROL | |
| campo de control | CDFGRT |
| 005 - FECHA Y HORA DE LA ÚLTIMA TRANSACCIÓN | |
| campo de control | 20220326193246.0 |
| 008 - DATOS DE LONGITUD FIJA--INFORMACIÓN GENERAL | |
| campo de control de longitud fija | 140329b xxu||||| |||| 00| 0 eng d |
| 040 ## - FUENTE DE CATALOGACIÓN | |
| Centro/agencia transcriptor | #34345DFFG |
| 082 ## - NÚMERO DE LA CLASIFICACIÓN DECIMAL DEWEY | |
| Número de clasificación | 363.728.097.286 |
| Número de ítem | A118o |
| 100 ## - ENTRADA PRINCIPAL--NOMBRE DE PERSONA | |
| Nombre de persona | Abarca Espeleta, Marianela y Vargas Solera Sonia |
| 9 (RLIN) | 196 |
| 110 ## - ENTRADA PRINCIPAL--NOMBRE DE ENTIDAD CORPORATIVA | |
| Nombre de entidad corporativa o nombre de jurisdicción como elemento de entrada | Vicerrectoría de Acción Social |
| 9 (RLIN) | 197 |
| 245 ## - MENCIÓN DEL TÍTULO | |
| Título | Objetos Creativos con Materiales de Desecho |
| 260 ## - PUBLICACIÓN, DISTRIBUCIÓN, ETC. | |
| Lugar de publicación, distribución, etc. | Costa Rica |
| Nombre del editor, distribuidor, etc. | Vicerrectoría de Acción Social, Universidad de Costa Rica |
| 300 ## - DESCRIPCIÓN FÍSICA | |
| Extensión | 50 p. |
| Otras características físicas | ill (a color) |
| Dimensiones | 20 cm |
| 505 ## - NOTA DE CONTENIDO CON FORMATO | |
| Título | El uso creativo de los materiales de desecho |
| -- | La pasta de papel |
| -- | Hojas y flores secas |
| -- | Recuperación y reutilización de los espejos quebrados |
| -- | El mosaico |
| -- | Papel hecho a mano |
| -- | Bolsas de papel |
| -- | Barniz a bajo costo |
| -- | Piñatas |
| -- | Libros y tarjetas |
| -- | Tarjetas |
| -- | otros objetos creativos con materiales de desecho |
| 600 ## - PUNTO DE ACCESO ADICIONAL DE MATERIA--NOMBRE DE PERSONA | |
| Subdivisión general | Aprovechamiento de residuos |
| -- | Basuras y aprovechamiento de basuras |
| -- | Disposición de residuos |
| Subdivisión geográfica | Costa Rica |
| 9 (RLIN) | 198 |
| 610 ## - PUNTO DE ACCESO ADICIONAL DE MATERIA--NOMBRE DE ENTIDAD CORPORATIVA | |
| Subdivisión geográfica | Costa Rica |
| 9 (RLIN) | 199 |
| Estatus retirado | Estado de pérdida | Fuente del sistema de clasificación o colocación | Estado de daño | No para préstamo | Biblioteca de origen | Biblioteca actual | Ubicación en estantería | Fecha de adquisición | Total de préstamos | Signatura topográfica completa | Código de barras | Visto por última vez | Precio de reemplazo | Tipo de ítem Koha |
|---|---|---|---|---|---|---|---|---|---|---|---|---|---|---|
| Clasificación Decimal Dewey | Biblioteca LadoV | Biblioteca LadoV | 29/03/2014 | 363.728.097.286 A118o | 000009 | 29/03/2014 | 29/03/2014 | Material 01 |
